000
00332pab a2200145 454500
008
180718b1989 xxu||||| |||| 00| 0 eng d
100
_a
Sen, A.N.
245
_a
Freedom of expression
260
_c
1989
300
_a
3-19
362
_a
Jan.
650
_a
Civil Liberties
773
_a
Press Council of Indian Review
909
_a
5642
999
_c
5642
_d
5642